| 000 | 00734nam a2200217 a 4500 | ||
|---|---|---|---|
| 001 | 2020 | ||
| 003 | CO-ViMGA | ||
| 008 | 141112s2004 ck r 000 u spa d | ||
| 040 |
_aCO-ViMGA _bspa _cCO-ViMGA |
||
| 082 | 0 | 4 | _a331.09 F515 |
| 100 | 1 |
_aFlamant, Maurice _950708 |
|
| 245 | 1 | 0 |
_aCrisis y recesiones económicas / _cFlamant Maurice , Singer - Kerel Jeanne |
| 260 |
_aBarcelona : _bOikos - Tau, _c1971 |
||
| 300 | _a126 p | ||
| 490 | _a¿Que se?, 38 | ||
| 505 | _aLa crisis del siglo XIX 10 - - El periodo de entreguerras 55 - - Crecimiento y recesiones en la epoca contemporánea 82 | ||
| 650 | 1 | 4 |
_aCRISIS ECONOMICA _950709 |
| 650 | 1 | 4 | _aEconomía - HISTORIA |
| 650 | 1 | 4 |
_aSinger - Kerel, Jeanne _950711 |
| 942 |
_2ddc _cBK |
||
| 999 |
_c14171 _d14171 |
||